000 01543nam a2200385 c 4500
003 BLK
005 20221207153607.0
008 180409b bul|||||r ||||||| ||bul||
010 _aKNG00130290000
020 _a978-954-320-393-2
_bиздат.: Рива
040 _aBLK
041 _aBUL
_cBUL
072 7 _2bullib
_aН85
_xДетска художествена литература Н
080 _aФренска литература
_b821.133.1
_x-93-312.9
_z821.133.1-93-312.9
100 1 _aПлишота, Ан
_eпърви автор
_9111183
700 1 _aВолф, Сендрин
_eсъавт.
_9318907
700 1 _aВладимирова, Радост Атанасова
_9283264
139 _aПлишота, Ан и др.
_bП 59
245 1 0 _aОкса Полок
_bНевидимият свят : Роман
_cАн Плишота; съавт. Сендрин Волф; прев. от фр. Радост Владимирова.
257 _aFRA
260 София
_bРива
_c2012
_fВ. Търново : Абагар
300 _a488 с.
_c21 см
380 _aDX
500 _aОриг. загл. Oksa Pollock / Anne Plichota, Cendrine Wolf.
653 _aфантастика
653 _aромани
653 _aлитература за деца
653 _aдетска литература
659 _aН
852 _aЦб 255014
856 4 _qpdf
_u
856 4 _qpdf
_u
942 _cKNG
_n0
_01
944 _aCR
_c04.05.2012
_lф /
_kЛюдмила_Стоянова
944 _aED
_c02.03.2016
_lф /
_kПенка_Димитрова
999 _c124624
_d124624